Odgadnij kadrę po numerach - Anglia - Statystyki

Ogólne statystyki
  • Ten quiz został rozwiązany 9 razy
  • Średni wynik to 7 z 26
Statystyki odpowiedzi
Numer na EURO Piłkarz % Poprawnych
9 Harry Kane
100%
1 Jordan Pickford
100%
7 Bukayo Saka
63%
10 Jude Bellingham
63%
24 Cole Palmer
50%
2 Kyle Walker
50%
11 Phil Foden
50%
5 John Stones
38%
6 Marc Guehi
38%
8 Trent Alexander-Arnold
38%
16 Conor Gallagher
25%
4 Declan Rice
25%
3 Luke Shaw
25%
13 Aaron Ramsdale
13%
14 Ezri Konsa
13%
17 Ivan Toney
13%
12 Kieran Trippier
13%
15 Lewis Dunk
13%
19 Ollie Watkins
13%
25 Adam Wharton
0%
18 Anthony Gordon
0%
23 Dean Henderson
0%
21 Eberechi Eze
0%
20 Jarrod Bowen
0%
22 Joe Gomez
0%
26 Kobbie Mainoo
0%
Nie znaleziono quizów pasujących do podanych kryteriów
Rozkład punktacji
Procent ludzi z każdym wynikiem
Percentyl według liczby udzielonych odpowiedzi
Twoja historia wyników
Nie rozwiązałeś tego quizu